000 00632nam 22002053 4500
001 201367
010 _a978-84-471-1482-5
090 _a201367
100 _a20260318d u||y0pory50 ba
101 _apor
200 _aUp
_eAltamente
_fDisney / Pixar
_gTradução de Elsa Rocha
210 _a[S. L.]
_cEditorial Salvat
_d2009
215 _a[44] p. : todo il.
_cEncadernado
_d24 cm
225 _aDisney Clube do Livro
606 _947
_aLiteratura Infantil Americana
675 _a821.111(73)-93/DIS/ALT
_vPT
_zpor
710 _916887
_aDisney / Pixar
801 _aPT
_bBMMN
_gRPC
830 _cCarlos Pinto
_d18-03-2026
_fCarlos Pinto
990 _cLIVROS